000 00510nam a2200181Ia 4500
005 20250326125227.0
008 250326s9999 xx 000 0 und d
037 _aTextbook
040 _aFMSL
_beng
_cFMSL
041 _aeng
_2eng
084 _aX5:5.1 L7
_qFMSL
100 _aVernon R
_9112379
245 0 _aStorm over the multinationsl
_cVernon R
260 _aMassachusetts
_bMassachusetts, Harvard University
_c1977
300 _a260p
942 _cTB
_hX5:5.1 L7
999 _c1277098
_d1277098